| 000 | 00769nam a2200241 i 4500 | ||
|---|---|---|---|
| 003 | DO-SdBNP | ||
| 005 | 20240213094719.0 | ||
| 007 | ta | ||
| 008 | 240213b19-? dr ||||| |||| 00| 0 spa d | ||
| 040 |
_aDO-SdBNP _bspa _cBNPHU _erda |
||
| 082 | 4 |
_a347.016 _bB265m _222 |
|
| 100 | 1 |
_aBarón Goico, Héctor, _930818 _eautor |
|
| 245 | 1 | 0 |
_aMonografía del Alguacil / _cHéctor Barón Goico. |
| 264 |
_aSanto Domingo : _beditor no identificado, _c19-?. |
||
| 300 |
_a216 páginas ; _c22. |
||
| 336 |
_2rdacontent _atexto _btxt |
||
| 337 |
_2rdamedia _asin mediación _bn |
||
| 338 |
_2rdacarrier _avolumen _bnc |
||
| 590 | _aInventariado, 2024/BT | ||
| 650 | 4 |
_aAlguaciles _xEstatutos, reglamentos, etc. _zRepública Dominicana _930819 |
|
| 910 | _aBtavárez | ||
| 942 |
_2ddc _cLBS1 |
||
| 999 |
_c55935 _d55935 |
||